Normal view
MARC view
- Indígenas de México
Entry Materia
001 - NÚMERO DE CONTROL DEL REGISTRO
- campo de control: 20426
003 - IDENTIFICADOR DE NUMERO DE CONTROL
- campo de control: MX-MxUPN
005 - FECHA Y HORA DE LA ÚLTIMA TRANSACCIÓN
- campo de control: 20231123123028.0
008 - DATOS DE LONGITUD FIJA
- campo de control de longitud fija: 231123nn fnnnnbabc a ana |d
035 ## - NÚMERO DE CONTROL DEL SISTEMA
- Número de control del sistema: UPN10000020435
040 ## - FUENTE DE LA CATALOGACIÓN
- Lengua de catalogación: SPA
- Agencia de transcripción: UPN
- Centro catalogador de origen: MX-MxUPN
150 ## - ENCABEZAMIENTO - TEMÁTICO
- Término de materia o nombre geográfico como elemento inicial: Indígenas de México
- Subdivisión de materia general: Relaciones con el gobierno
- Subdivisión de materia general: Historia
- Subdivisión cronológica: Siglo XX
450 ## - VÉASE - MATERIA
- Encabezamiento temático: Indios de México
- Subdivisión temática general: Relaciones con el gobierno
- Subdivisión temática general: Historia
- Subdivisión cronológica: Siglo XX
- Subcampo de control: nno
670 ## - FUENTE EN LA QUE SE LOCALIZARON DATOS
- Cita de la fuente: LC Authorities, 23 noviembre 2023 :
- Información localizada: (Indians of Mexico - Government relations - History - 20th Century)
- Identificador Uniforme del Recurso: https://authorities.loc.gov/
670 ## - FUENTE EN LA QUE SE LOCALIZARON DATOS
- Cita de la fuente: Autoridades BGTQ, 23 noviembre 2023 :
- Información localizada: (Indígenas de México -- Relaciones con el gobierno -- Historia -- Siglo XVII)
902 ## - CATALOGADOR
- Catalogador: CAA/080512
- Catalogador: VíctorGodínez/231123
